Nuevos apuntes con relación al proceso de restricción al ejercicio de la capacidad jurídica, determinación del sistema de apoyos y salvaguardias / (Registro nro. 5646)
[ vista simple ]
| 000 -LEADER | |
|---|---|
| fixed length control field | 01963nab a22002777a 4500 |
| 003 - CONTROL NUMBER IDENTIFIER | |
| control field | OSt |
| 005 - DATE AND TIME OF LATEST TRANSACTION | |
| control field | 20251226212856.0 |
| 008 - FIXED-LENGTH DATA ELEMENTS--GENERAL INFORMATION | |
| fixed length control field | 190603e xxum|||| |||| 00| 0 spa d |
| 040 ## - CATALOGING SOURCE | |
| Transcribing agency | PJ |
| 100 ## - MAIN ENTRY--PERSONAL NAME | |
| 9 (RLIN) | 6611 |
| Personal name | González Girodo, Matías |
| 245 10 - TITLE STATEMENT | |
| Title | Nuevos apuntes con relación al proceso de restricción al ejercicio de la capacidad jurídica, determinación del sistema de apoyos y salvaguardias / |
| Statement of responsibility, etc | Matías González Girodo, Pedro Darío Tablar. |
| 260 ## - PUBLICATION, DISTRIBUTION, ETC. (IMPRINT) | |
| Date of publication, distribution, etc | Ciudad Autónoma de Buenos Aires : |
| Place of publication, distribution, etc | Thomson Reuters La Ley, |
| Name of publisher, distributor, etc | 2025. |
| 300 ## - PHYSICAL DESCRIPTION | |
| Extent | p. 136-147 |
| 500 ## - GENERAL NOTE | |
| General note | Cita: TR LALEY AR/DOC/1056/2025 <br/>Publicado en: RCCyC 2025 (junio). |
| 505 ## - FORMATTED CONTENTS NOTE | |
| Formatted contents note | Sumario: I. Introducción.— II. Los actos procesales relevantes mencionados en el fallo.— III. El proceso de "determinación de capacidad jurídica" y sus caracteres.— IV. El escrito de promoción o de revaluación. Apartados y características.— V. El rol del propio interesado: su legitimación dentro del trámite de determinación no puede ser restringida.— VI. Consideraciones respecto de los actos jurídicos con efectos post mortem (testamento) de persona con capacidad restringida.— VII. La incidencia sucedida en el proceso en análisis. La "herramienta procesal". Cuando la forma y la cuestión de fondo se entrecruzan.— VIII. Nuestra perspectiva y reflexión. |
| 505 ## - FORMATTED CONTENTS NOTE | |
| Formatted contents note | Fallo comentado: CCiv. y Com., Necochea ~ 01/10/2024 ~ RGE: Ne-7203- 2023. |
| 505 ## - FORMATTED CONTENTS NOTE | |
| Title | ¿Te interesa el texto completo? Solicitalo al correo: koha@justierradelfuego.gov.ar |
| 650 #0 - SUBJECT ADDED ENTRY--TOPICAL TERM | |
| 9 (RLIN) | 1497 |
| Topical term or geographic name as entry element | CODIGO CIVIL Y COMERCIAL |
| 650 #0 - SUBJECT ADDED ENTRY--TOPICAL TERM | |
| 9 (RLIN) | 2342 |
| Topical term or geographic name as entry element | CAPACIDAD |
| 650 #0 - SUBJECT ADDED ENTRY--TOPICAL TERM | |
| 9 (RLIN) | 3271 |
| Topical term or geographic name as entry element | PERSONAS CON DISCAPACIDAD |
| 650 #0 - SUBJECT ADDED ENTRY--TOPICAL TERM | |
| 9 (RLIN) | 3926 |
| Topical term or geographic name as entry element | RESTRICCIONES A LA CAPACIDAD |
| 650 #0 - SUBJECT ADDED ENTRY--TOPICAL TERM | |
| 9 (RLIN) | 1115 |
| Topical term or geographic name as entry element | TESTAMENTOS |
| 700 ## - ADDED ENTRY--PERSONAL NAME | |
| 9 (RLIN) | 6612 |
| Personal name | Tablar, Pedro Darío |
| Función | coautor |
| 773 0# - HOST ITEM ENTRY | |
| Host Biblionumber | 2713 |
| Host Itemnumber | 3170 |
| Place, publisher, and date of publication | Ciudad Autónoma de Buenos Aires : Thomson Reuters La Ley, 2015- |
| Title | Revista Código Civil y Comercial. Nº 3 - Junio 2025 |
| 942 ## - ADDED ENTRY ELEMENTS (KOHA) | |
| Source of classification or shelving scheme | |
| Koha item type | Analítica Artículo de Revista |
No hay ítems disponibles.
